U.S. Counties that Contain Congressional Districts - Statistics

General Stats
  • This quiz has been taken 640 times
    513 since last reset
  • The average score is 25 of 38
Answer Stats
Hint Answer % Correct
CA-27, 29, 30,31, 34, 36, 37, 42, 43, 44 Los Angeles
97%
FL-27 Miami-Dade
85%
AZ-1, 3, 4, 8 Maricopa
84%
CA-46, 47 Orange
83%
FL-10 Orange
83%
CA-50, 51, 52 San Diego
83%
WA-7, 9 King
81%
CA-11 San Francisco
81%
NY-8, 9 Kings
80%
NY-5, 6 Queens
80%
IL-7 Cook
77%
PA-2, 3 Philadelphia
77%
NY-12 New York
75%
NV-1, 3 Clark
73%
CA-33 San Bernardino
71%
TX-18, 29, 38 Harris
70%
NY-15 Bronx
69%
HI-1 Honolulu
69%
CA-6 Sacramento
68%
CA-39, 41 Riverside
65%
MI-11 Wayne
64%
NY-4 Nassau
62%
CO-5 El Paso
59%
TX-16 El Paso
59%
WI-4 Milwaukee
59%
NY-1 Suffolk
57%
FL-25 Broward
56%
TX-20 Bexar
52%
MI-13 Oakland
52%
OH-11 Cuyahoga
50%
KY-3 Jefferson
49%
FL-22 Palm Beach
47%
CA-12 Santa Clara
47%
IN-7 Marion
46%
MD-8 Montgomery
45%
OH-3 Franklin
43%
NC-2 Wake
43%
FL-13 Pinellas
42%
No matching quizzes found
Score Distribution
Percent of People with Each Score
Percentile by Number Answered
Your Score History
You have not taken this quiz since the last reset